000
00218 a2200109 4500
020
_a
9786079573539
041
_a
spa
100
_a
Twain, Mark
245
_a
Las aventuras de Tom Sawyer
942
_c
BK
999
_c
10300
_d
10300
999
_d
10300